[Event "Swindon Open 1st"]
[Site "Swindon"]
[Date "2025.08.24"]
[Round "5.9"]
[White "Ortiz Sanchez, Luis"]
[Black "Dewangan, Aayush"]
[Result "1/2-1/2"]
[WhiteElo "1908"]
[BlackElo "2011"]
[PlyCount "148"]
[EventDate "2025.08.22"]
[EventType "swiss"]
[EventRounds "6"]
[EventCountry "ENG"]
[SourceTitle "BritBase"]
[Source "John Saunders"]
[SourceDate "2025.12.11"]
[SourceVersion "1"]
[SourceVersionDate "2025.12.11"]
[SourceQuality "1"]

1. e4 c5 2. Nc3 e6 3. Nge2 Ne7 4. g3 d5 5. exd5 Nxd5 6. Bg2 Nxc3 7. Nxc3 a6 8. d3 Qc7 9. Bf4 Bd6 10. Bxd6 Qxd6 11. Qd2 O-O 12. O-O Nd7 13. Rfe1 Nf6 14. Qe3 Rb8 15. Qe5 Rd8 16. a4 b6 17. Qg5 h6 18. Qh4 Bb7 19. Bxb7 Rxb7 20. Ne4 Nxe4 21. Qxe4 Rbd7 22. Qc4 Ra7 23. Re4 Qd5 24. Rae1 Qc6 25. Qc3 Rad7 26. b4 Rd5 27. Rc4 Qd6 28. bxc5 Rxc5 29. Rxc5 Qxc5 30. Qxc5 bxc5 31. Rb1 c4 32. dxc4 Rc8 33. Rb4 a5 34. Rb5 Rxc4 35. Rxa5 Rxc2 36. Rb5 Ra2 37. a5 Kf8 38. Kg2 Ra3 39. Kf1 Ra2 40. Kg2 Ra3 41. Kf1 Ke7 42. Ke2 Kd6 43. Rb7 Rxa5 44. Rxf7 Rg5 45. f4 Rh5 46. Rxg7 Rxh2+ 47. Kf3 h5 48. Rh7 Kd5 49. Rd7+ Kc6 50. Rd1 Rb2 51. Re1 Kd6 52. Re5 Rh2 53. Rg5 Kc6 54. f5 exf5 55. Rxf5 Kd6 56. Kf4 Ke6 57. Ra5 Kf6 58. Ra6+ Kg7 59. Kg5 Rh3 60. Ra7+ Kg8 61. Kf4 Rh1 62. Ra5 Kg7 63. Kg5 Rh3 64. Ra3 Kf7 65. Ra7+ Kg8 66. Kf4 Rh1 67. Ra8+ Kg7 68. Ra7+ Kg6 69. Ra6+ Kg7 70. Kg5 Rh3 71. Ra7+ Kg8 72. Ra8+ Kg7 73. Ra7+ Kg8 74. Ra8+ Kg7 1/2-1/2

[Event "Swindon Open 1st"]
[Site "Swindon"]
[Date "2025.08.24"]
[Round "5.10"]
[White "Hill, Andy"]
[Black "Bolt, Graham"]
[Result "1-0"]
[WhiteElo "1989"]
[BlackElo "1917"]
[PlyCount "73"]
[EventDate "2025.08.22"]
[EventType "swiss"]
[EventRounds "6"]
[EventCountry "ENG"]
[SourceTitle "BritBase"]
[Source "John Saunders"]
[SourceDate "2025.12.11"]
[SourceVersion "1"]
[SourceVersionDate "2025.12.11"]
[SourceQuality "1"]

1. Nf3 g6 2. d4 Bg7 3. c4 c5 4. d5 d6 5. Qc2 Nf6 6. Nc3 a6 7. e4 O-O 8. h3 e6 9. Bd3 e5 10. Bd2 Bd7 11. a4 a5 12. Nb5 Be8 13. g4 Na6 14. Be3 Nb4 15. Qd2 Nxd3+ 16. Qxd3 Bxb5 17. cxb5 Rc8 18. Nd2 Nd7 19. h4 Nb6 20. b3 Qd7 21. Rg1 Kh8 22. Rc1 f5 23. gxf5 gxf5 24. exf5 Rxf5 25. Ne4 Rcf8 26. Ke2 Rh5 27. Rg2 Qf5 28. Rcg1 Rxh4 29. Nxd6 Qf3+ 30. Kd2 Qf6 31. Ne4 Qf5 32. Nxc5 e4 33. Qd4 Bf6 34. Rg5 Qc8 35. Ne6 h6 36. Rg8+ Kh7 37. R1g7+ 1-0

[Event "Swindon Open 1st"]
[Site "Swindon"]
[Date "2025.08.24"]
[Round "5.11"]
[White "Kapechun, Mikhailo"]
[Black "Thomas, James"]
[Result "1-0"]
[WhiteElo "1985"]
[BlackElo "1882"]
[PlyCount "51"]
[EventDate "2025.08.22"]
[EventType "swiss"]
[EventRounds "6"]
[EventCountry "ENG"]
[SourceTitle "BritBase"]
[Source "John Saunders"]
[SourceDate "2025.12.11"]
[SourceVersion "1"]
[SourceVersionDate "2025.12.11"]
[SourceQuality "1"]

1. e4 e6 2. d4 d5 3. e5 c5 4. c3 Nc6 5. Nf3 Bd7 6. Be2 Nge7 7. Na3 cxd4 8. cxd4 Nf5 9. Nc2 Be7 10. Bd3 O-O 11. g4 Nh4 12. Nxh4 Bxh4 13. g5 Bxg5 14. Qh5 h6 15. Rg1 Bxc1 16. Rxc1 Kh8 17. Ke2 Rg8 18. Rxg7 Rxg7 19. Qxh6+ Kg8 20. Rg1 Kf8 21. Qxg7+ Ke8 22. Qh8+ Ke7 23. Qf6+ Kf8 24. Bh7 Qxf6 25. Rg8+ Ke7 26. exf6+ 1-0

[Event "Swindon Open 1st"]
[Site "Swindon"]
[Date "2025.08.24"]
[Round "5.12"]
[White "Davis, Colin"]
[Black "Sherwood, Gabriel"]
[Result "1/2-1/2"]
[WhiteElo "1955"]
[BlackElo "1848"]
[PlyCount "85"]
[EventDate "2025.08.22"]
[EventType "swiss"]
[EventRounds "6"]
[EventCountry "ENG"]
[SourceTitle "BritBase"]
[Source "John Saunders"]
[SourceDate "2025.12.11"]
[SourceVersion "1"]
[SourceVersionDate "2025.12.11"]
[SourceQuality "1"]

1. Nf3 d5 2. e3 c5 3. b3 Nf6 4. Bb2 g6 5. c4 Bg7 6. cxd5 O-O 7. Qc2 Qxd5 8. Nc3 Qd8 9. Be2 Nc6 10. a3 Bf5 11. d3 Rc8 12. Na4 c4 13. bxc4 b5 14. e4 Bxe4 15. dxe4 bxa4 16. O-O Qc7 17. Rfd1 Na5 18. e5 Nd7 19. e6 Nc5 20. exf7+ Rxf7 21. Bxg7 Kxg7 22. Qc3+ Rf6 23. Rd5 Nab3 24. Rad1 Qb6 25. Nd4 Ne4 26. Qe3 Nxd4 27. R1xd4 Nxf2 28. Qxe7+ Rf7 29. Qe5+ Kg8 30. Rb5 Qf6 31. Qxf6 Rxf6 32. Rbd5 Kg7 33. Rd7+ Kh6 34. Rh4+ Kg5 35. g3 h5 36. Rd5+ Kh6 37. Bxh5 g5 38. Bg4+ gxh4 39. Bxc8 hxg3 40. hxg3 Ne4 41. g4 Rc6 42. Rh5+ Kg7 43. Bf5 1/2-1/2

[Event "Swindon Open 1st"]
[Site "Swindon"]
[Date "2025.08.24"]
[Round "5.13"]
[White "Sieczkowski, Adam"]
[Black "Coffey, Anthony"]
[Result "0-1"]
[WhiteElo "1806"]
[BlackElo "1953"]
[PlyCount "78"]
[EventDate "2025.08.22"]
[EventType "swiss"]
[EventRounds "6"]
[EventCountry "ENG"]
[SourceTitle "BritBase"]
[Source "John Saunders"]
[SourceDate "2025.12.11"]
[SourceVersion "1"]
[SourceVersionDate "2025.12.11"]
[SourceQuality "1"]

1. Nf3 Nf6 2. g3 d5 3. Bg2 c5 4. O-O Nc6 5. d4 e6 6. c4 Be7 7. cxd5 exd5 8. Nc3 O-O 9. Bf4 a6 10. dxc5 Bxc5 11. Rc1 Ba7 12. Ne5 Be6 13. Nxc6 bxc6 14. Na4 Rc8 15. Nc5 Bxc5 16. Rxc5 Ne4 17. Bxe4 dxe4 18. Qc2 Bd5 19. b4 Qd7 20. a4 Qe6 21. Qc3 h6 22. Rd1 Rcd8 23. Rd4 Rd7 24. Ra5 Qh3 25. Rxa6 e3 26. f3 Bxf3 27. exf3 e2 28. Qe1 Rxd4 29. Qxe2 Rfd8 30. g4 Rxf4 31. Rxc6 Rxb4 32. Rc1 Rbd4 33. Qg2 Rd1+ 34. Rxd1 Rxd1+ 35. Kf2 Rd2+ 36. Ke3 Qxg2 37. Ke4 Qe2+ 38. Kf4 g5+ 39. Kf5 Qe6# 0-1

[Event "Swindon Open 1st"]
[Site "Swindon"]
[Date "2025.08.24"]
[Round "5.14"]
[White "Holmes, Matthew A"]
[Black "Brocklehurst, Andrew"]
[Result "0-1"]
[WhiteElo "1776"]
[BlackElo "1856"]
[PlyCount "140"]
[EventDate "2025.08.22"]
[EventType "swiss"]
[EventRounds "6"]
[EventCountry "ENG"]
[SourceTitle "BritBase"]
[Source "John Saunders"]
[SourceDate "2025.12.11"]
[SourceVersion "1"]
[SourceVersionDate "2025.12.11"]
[SourceQuality "1"]

1. Nf3 Nf6 2. c4 c5 3. Nc3 g6 4. g3 Bg7 5. Bg2 O-O 6. O-O Nc6 7. d4 cxd4 8. Nxd4 Nxd4 9. Qxd4 d6 10. Qd3 Bf5 11. e4 Be6 12. b3 Ng4 13. Bd2 Rc8 14. Rac1 a6 15. h3 Ne5 16. Qe2 Nxc4 17. bxc4 Bxc4 18. Qd1 Bxf1 19. Qxf1 b5 20. Nd5 Rxc1 21. Qxc1 e6 22. Nb4 Qb6 23. Qc6 Qxc6 24. Nxc6 Kh8 25. Bb4 Rc8 26. Ne7 Rc1+ 27. Kh2 Be5 28. h4 Rc4 29. a3 Kg7 30. f4 Bd4 31. Bxd6 Bc5 32. e5 Rc3 33. Bxc5 Rxc5 34. Bb7 a5 35. Nc6 Rc2+ 36. Kh3 b4 37. axb4 axb4 38. Nxb4 Rb2 39. Bf3 Rxb4 40. Bc6 Rc4 41. Bf3 Rc3 42. Bb7 Rc7 43. Bf3 Kf8 44. Kg4 h5+ 45. Kh3 Rc4 46. Be2 Rb4 47. Bf3 Ke7 48. Be2 Kd7 49. Bf3 Kc7 50. Bg2 Rd4 51. Bf3 Kb6 52. Bh1 Kc5 53. Bg2 Ra4 54. Bf1 Kd4 55. Bb5 Rb4 56. Be8 Rb7 57. Kg2 Ke3 58. Kh3 Kf2 59. Kh2 Kf1 60. Kh1 Kf2 61. Kh2 Re7 62. Bc6 f6 63. exf6 Rf7 64. Be4 Rxf6 65. Bc2 Ke3 66. Kg2 e5 67. Kh3 exf4 68. gxf4 Kxf4 69. Bb1 Rc6 70. Ba2 Rc3+ 0-1

[Event "Swindon Open 1st"]
[Site "Swindon"]
[Date "2025.08.24"]
[Round "5.15"]
[White "Tamilselvan, Tara"]
[Black "Coman, Kas"]
[Result "0-1"]
[WhiteElo "1795"]
[BlackElo "1950"]
[PlyCount "78"]
[EventDate "2025.08.22"]
[EventType "swiss"]
[EventRounds "6"]
[EventCountry "ENG"]
[SourceTitle "BritBase"]
[Source "John Saunders"]
[SourceDate "2025.12.11"]
[SourceVersion "1"]
[SourceVersionDate "2025.12.11"]
[SourceQuality "1"]

1. e4 c5 2. c3 Nf6 3. e5 Nd5 4. d4 cxd4 5. cxd4 d6 6. Nf3 Nc6 7. Nc3 dxe5 8. dxe5 Nxc3 9. Qxd8+ Nxd8 10. bxc3 Bd7 11. Be3 g6 12. Bd3 Bg7 13. O-O Nc6 14. Bd4 O-O 15. h3 Nxd4 16. cxd4 Bc6 17. Be2 Rad8 18. Rfd1 Rd7 19. Rd3 Bxf3 20. gxf3 Rc8 21. f4 Bh6 22. Bg4 e6 23. d5 Rcd8 24. Rb3 Rxd5 25. Rxb7 Bxf4 26. Rxa7 Bxe5 27. Rb1 Rd2 28. Rbb7 Bd4 29. Rxf7 Bxa7 30. Rxa7 Re8 31. Kg2 h5 32. Bf3 Rf8 33. Ra5 Rf5 34. Rxf5 gxf5 35. a4 Ra2 36. Bc6 h4 37. Bb5 Kf7 38. Kf3 Ra3+ 39. Kg2 Kf6 0-1

[Event "Swindon Open 1st"]
[Site "Swindon"]
[Date "2025.08.24"]
[Round "5.16"]
[White "Bigi, Francesco"]
[Black "Jones, Mark A"]
[Result "0-1"]
[WhiteElo "1497"]
[BlackElo "1858"]
[PlyCount "30"]
[EventDate "2025.08.22"]
[EventType "swiss"]
[EventRounds "6"]
[EventCountry "ENG"]
[SourceTitle "BritBase"]
[Source "John Saunders"]
[SourceDate "2025.12.11"]
[SourceVersion "1"]
[SourceVersionDate "2025.12.11"]
[SourceQuality "1"]

1. d4 d5 2. c4 dxc4 3. e4 Nf6 4. e5 Nd5 5. Bxc4 Bf5 6. Qb3 c6 7. Qxb7 Nb6 8. e6 fxe6 9. Nf3 Nxc4 10. Qxa8 Qc7 11. g3 e5 12. Nxe5 Nb6 13. Bf4 Nxa8 14. Ng6 Qa5+ 15. Bd2 Qd5 0-1

[Event "Swindon Open 1st"]
[Site "Swindon"]
[Date "2025.08.24"]
[Round "5.17"]
[White "Warimwe, David James"]
[Black "Poderico, Francesco"]
[Result "1-0"]
[WhiteElo "1853"]
[BlackElo "1731"]
[PlyCount "45"]
[EventDate "2025.08.22"]
[EventType "swiss"]
[EventRounds "6"]
[EventCountry "ENG"]
[SourceTitle "BritBase"]
[Source "John Saunders"]
[SourceDate "2025.12.11"]
[SourceVersion "1"]
[SourceVersionDate "2025.12.11"]
[SourceQuality "1"]

1. e4 e6 2. d4 c5 3. c3 d5 4. exd5 Qxd5 5. Nf3 Nc6 6. Na3 Nf6 7. Be2 cxd4 8. Nb5 Qd8 9. Nbxd4 Nxd4 10. Nxd4 Be7 11. Qa4+ Bd7 12. Qb3 e5 13. Nf3 e4 14. Ne5 Be6 15. Qa4+ Kf8 16. Bg5 h6 17. Bxf6 gxf6 18. Ng4 Qc8 19. Ne3 f5 20. O-O-O a6 21. Qd4 f6 22. Nd5 Kf7 23. Bh5+ 1-0

[Event "Swindon Open 1st"]
[Site "Swindon"]
[Date "2025.08.24"]
[Round "5.18"]
[White "Lin, Vickie"]
[Black "Lopatko, Vasyl"]
[Result "0-1"]
[WhiteElo "1070"]
[BlackElo "1857"]
[PlyCount "68"]
[EventDate "2025.08.22"]
[EventType "swiss"]
[EventRounds "6"]
[EventCountry "ENG"]
[SourceTitle "BritBase"]
[Source "John Saunders"]
[SourceDate "2025.12.11"]
[SourceVersion "1"]
[SourceVersionDate "2025.12.11"]
[SourceQuality "1"]

1. e4 c5 2. c3 Nf6 3. e5 Nd5 4. d4 cxd4 5. cxd4 e6 6. Bd3 Nc6 7. Nf3 Qb6 8. Be4 d6 9. Bxd5 exd5 10. exd6 Bxd6 11. O-O O-O 12. Nc3 Rd8 13. Re1 Bg4 14. Qd3 Nb4 15. Qb1 Bxf3 16. gxf3 Qxd4 17. Be3 Qh4 18. Qf5 d4 19. Bg5 Qxh2+ 20. Kf1 dxc3 21. Bxd8 Rxd8 22. bxc3 Nc6 23. Rad1 g6 24. Qf6 Qh3+ 25. Ke2 Re8+ 26. Kd2 Rxe1 27. Rxe1 Qd7 28. Kc2 Ne5 29. Rd1 Qa4+ 30. Kd2 Qa6 31. a4 Qd3+ 32. Ke1 Nxf3+ 33. Qxf3 Qxf3 34. Rxd6 Qxc3+ 0-1

[Event "Swindon Open 1st"]
[Site "Swindon"]
[Date "2025.08.25"]
[Round "6.1"]
[White "Arkell, Keith C"]
[Black "White, Stuart A"]
[Result "1-0"]
[WhiteElo "2363"]
[BlackElo "2095"]
[PlyCount "145"]
[EventDate "2025.08.22"]
[EventType "swiss"]
[EventRounds "6"]
[EventCountry "ENG"]
[SourceTitle "BritBase"]
[Source "John Saunders"]
[SourceDate "2025.12.11"]
[SourceVersion "1"]
[SourceVersionDate "2025.12.11"]
[SourceQuality "1"]

1. d4 d5 2. Nf3 Nf6 3. c4 c6 4. Nbd2 Bf5 5. g3 h6 6. Bg2 e6 7. O-O Be7 8. b3 O-O 9. Bb2 Nbd7 10. e3 a5 11. a4 Bb4 12. Qe2 Qe7 13. Ne5 Nxe5 14. dxe5 Nd7 15. e4 dxe4 16. Nxe4 Nc5 17. Nxc5 Qxc5 18. Rfd1 Rfd8 19. Be4 Bxe4 20. Qxe4 Qb6 21. Bd4 Bc5 22. Bxc5 Qxc5 23. Kg2 Qe7 24. Qe3 Qc7 25. Qc5 b6 26. Qe3 c5 27. Qf4 f6 28. exf6 Qxf4 29. gxf4 gxf6 30. Kf3 Kf7 31. f5 e5 32. Ke4 Rd4+ 33. Rxd4 exd4 34. Kd5 Ke7 35. Kc6 Re8 36. Rg1 Rc8+ 37. Kb7 Rd8 38. Re1+ Kd7 39. f4 Re8 40. Rg1 Re3 41. Rb1 Re2 42. Kxb6 Kd6 43. b4 axb4 44. a5 Re8 45. a6 Rb8+ 46. Ka5 Kc6 47. a7 Rd8 48. Ka6 d3 49. Rd1 Kc7 50. Kb5 Kb7 51. Kxc5 b3 52. Kb4 b2 53. Kc3 Kxa7 54. Kxb2 Rd4 55. Kc3 Rxf4 56. Kxd3 Kb6 57. Rb1+ Kc7 58. Rb5 Rh4 59. Ra5 Rxh2 60. Ra6 Rf2 61. Rxf6 h5 62. Ke4 Re2+ 63. Kd5 Rd2+ 64. Ke5 Re2+ 65. Kf4 Rc2 66. Kg5 Rxc4 67. Kxh5 Re4 68. Ra6 Kd7 69. Kg6 Ke7 70. f6+ Kd7 71. Ra7+ Kd8 72. Ra8+ Kd7 73. f7 1-0

[Event "Swindon Open 1st"]
[Site "Swindon"]
[Date "2025.08.25"]
[Round "6.2"]
[White "Jones, Steven A"]
[Black "Beaumont, Chris R"]
[Result "1/2-1/2"]
[WhiteElo "2185"]
[BlackElo "2142"]
[PlyCount "113"]
[EventDate "2025.08.22"]
[EventType "swiss"]
[EventRounds "6"]
[EventCountry "ENG"]
[SourceTitle "BritBase"]
[Source "John Saunders"]
[SourceDate "2025.12.11"]
[SourceVersion "1"]
[SourceVersionDate "2025.12.11"]
[SourceQuality "1"]

1. e4 g6 2. d4 Bg7 3. Nc3 d6 4. g3 Nf6 5. Bg2 O-O 6. Nge2 e5 7. O-O Nc6 8. dxe5 dxe5 9. Bg5 Nd4 10. Nxd4 Qxd4 11. Qxd4 exd4 12. Nb5 c6 13. Nd6 h6 14. Bd2 Be6 15. h3 Rfd8 16. Nxb7 Rdb8 17. Nc5 Rxb2 18. Nxe6 fxe6 19. e5 Nd5 20. Be4 Bxe5 21. Bxg6 Kg7 22. Be4 Rab8 23. Rfe1 Bf6 24. a4 Nb4 25. Rab1 Rxb1 26. Rxb1 c5 27. a5 Bd8 28. c3 dxc3 29. Bxc3+ Bf6 30. Bd2 Rb5 31. a6 Ra5 32. Bd3 Bd4 33. Bxb4 cxb4 34. Rxb4 Bb6 35. Rg4+ Rg5 36. Rxg5+ hxg5 37. Kg2 e5 38. Bf5 Kf6 39. Bc8 Bc5 40. Bd7 Bb6 41. f3 Ba5 42. Kf2 Bb6+ 43. Ke2 Kg6 44. Be8+ Kf6 45. h4 gxh4 46. gxh4 Kf5 47. Kd3 Kf4 48. h5 Kg5 49. Ke4 Bc7 50. Kd5 Kh6 51. Kc6 Bb6 52. Kd5 Bc7 53. Bg6 Kg7 54. Ke6 Kh6 55. Kf6 Bd6 56. Be8 Bc7 57. Bg6 1/2-1/2

[Event "Swindon Open 1st"]
[Site "Swindon"]
[Date "2025.08.25"]
[Round "6.4"]
[White "Hariharan, Shambavi"]
[Black "Ogunshola, Ben"]
[Result "1/2-1/2"]
[WhiteElo "2069"]
[BlackElo "2070"]
[PlyCount "157"]
[EventDate "2025.08.22"]
[EventType "swiss"]
[EventRounds "6"]
[EventCountry "ENG"]
[SourceTitle "BritBase"]
[Source "John Saunders"]
[SourceDate "2025.12.11"]
[SourceVersion "1"]
[SourceVersionDate "2025.12.11"]
[SourceQuality "1"]

1. d4 Nf6 2. c4 g6 3. Nc3 Bg7 4. g3 O-O 5. Bg2 d6 6. e3 Nc6 7. Nge2 Bd7 8. O-O Qc8 9. b3 a6 10. Bb2 Rb8 11. Rc1 Bh3 12. Nf4 Bxg2 13. Kxg2 e5 14. Nfd5 Nxd5 15. Nxd5 Re8 16. dxe5 Nxe5 17. Bxe5 Rxe5 18. Qd3 c6 19. Nf4 Qc7 20. Rcd1 Rd8 21. h4 h5 22. Nh3 Qe7 23. Rde1 d5 24. Rd1 Bf6 25. Nf4 dxc4 26. Qxc4 Kg7 27. Rxd8 Qxd8 28. Qe2 Re7 29. Rd1 Rd7 30. Rxd7 Qxd7 31. Nd3 c5 32. e4 Bd4 33. Nf4 b5 34. e5 Qe7 35. e6 Bf6 36. Qe4 a5 37. Qc6 Be5 38. Nd3 Bd4 39. exf7 Kxf7 40. Nf4 Bf6 41. Qxb5 Qe4+ 42. Kg1 Bxh4 43. Qxc5 Bd8 44. Qa7+ Qe7 45. Qxe7+ Bxe7 46. Kg2 h4 47. gxh4 Bxh4 48. Kf3 Kf6 49. Nd3 Ke6 50. Nc5+ Kd5 51. Nb7 a4 52. bxa4 Kc4 53. Ke3 Kb4 54. a5 Kb5 55. f3 Be7 56. Kd4 Ka6 57. Nc5+ Kxa5 58. Nd3 Ka4 59. Ne5 g5 60. Nf7 Ka3 61. Ke4 Kxa2 62. Kf5 Kb3 63. Nxg5 Kc4 64. Ne4 Ba3 65. Ke5 Bc1 66. Nf2 Be3 67. Ng4 Bc1 68. Ke4 Kc5 69. Ne3 Kd6 70. f4 Bxe3 71. Kxe3 Ke6 72. Ke4 Kf6 73. f5 Kf7 74. Ke5 Ke7 75. f6+ Kf7 76. Kf5 Kf8 77. Ke6 Ke8 78. f7+ Kf8 79. Kf6 1/2-1/2

[Event "Swindon Open 1st"]
[Site "Swindon"]
[Date "2025.08.25"]
[Round "6.5"]
[White "Hayward, Philip"]
[Black "Garcia Hernandez, Oscar"]
[Result "1-0"]
[WhiteElo "2032"]
[BlackElo "2083"]
[PlyCount "83"]
[EventDate "2025.08.22"]
[EventType "swiss"]
[EventRounds "6"]
[EventCountry "ENG"]
[SourceTitle "BritBase"]
[Source "John Saunders"]
[SourceDate "2025.12.11"]
[SourceVersion "1"]
[SourceVersionDate "2025.12.11"]
[SourceQuality "1"]

1. c4 c5 2. g3 Nf6 3. Bg2 d5 4. cxd5 Nxd5 5. Nf3 Nc6 6. Nc3 Nc7 7. a3 e5 8. b4 a6 9. Rb1 cxb4 10. axb4 Bf5 11. d3 Bxb4 12. Rxb4 Nxb4 13. Qa4+ Nc6 14. Nxe5 Bd7 15. Nxc6 Bxc6 16. Bxc6+ bxc6 17. Ba3 Qd7 18. O-O Ne6 19. Qe4 Rc8 20. Bc5 f6 21. f4 Kf7 22. Qc4 f5 23. Ne4 fxe4 24. f5 Qd5 25. fxe6+ Kxe6 26. Qc3 Rb8 27. dxe4 Qxe4 28. Qxg7 Kd5 29. Qg5+ Kc4 30. Qc1+ Kd5 31. Qg5+ Kc4 32. Rc1+ Kb5 33. Bf2+ Ka4 34. Ra1+ Kb3 35. Qc5 Rb4 36. Qc1 Rd4 37. Ra3+ Kb4 38. Qc3+ Kb5 39. Ra5+ Kb6 40. Bxd4+ Kb7 41. Bxh8 Qxe2 42. Ra1 1-0

[Event "Swindon Open 1st"]
[Site "Swindon"]
[Date "2025.08.25"]
[Round "6.6"]
[White "Gimenez Menchon, Cesar"]
[Black "Cook, Michael-Antony"]
[Result "0-1"]
[WhiteElo "2075"]
[BlackElo "1913"]
[PlyCount "96"]
[EventDate "2025.08.22"]
[EventType "swiss"]
[EventRounds "6"]
[EventCountry "ENG"]
[SourceTitle "BritBase"]
[Source "John Saunders"]
[SourceDate "2025.12.11"]
[SourceVersion "1"]
[SourceVersionDate "2025.12.11"]
[SourceQuality "1"]

1. e4 e5 2. Nf3 Nf6 3. Nc3 Bb4 4. Bc4 Bxc3 5. dxc3 d6 6. Qe2 h6 7. Be3 Qe7 8. O-O-O Nxe4 9. Kb1 Nc6 10. Rhe1 Nf6 11. Bc1 Be6 12. Bxe6 fxe6 13. Nh4 Qf7 14. f4 exf4 15. Nf5 O-O-O 16. Qxe6+ Qxe6 17. Rxe6 Nh5 18. Rd5 Kd7 19. Re1 g6 20. b3 Nf6 21. c4 gxf5 22. Rxf5 Rdf8 23. Bb2 Ne5 24. Rxf4 Ke6 25. Rh4 Rfg8 26. Re2 Rg4 27. Rxg4 Nfxg4 28. h3 Nf6 29. c5 h5 30. cxd6 cxd6 31. c4 b6 32. a4 Rg8 33. a5 Nfd7 34. axb6 axb6 35. Kc2 Rc8 36. Kb1 Nc5 37. Re3 Rf8 38. g4 h4 39. b4 Rf1+ 40. Ka2 Ncd3 41. Bc3 Rf3 42. Rxf3 Nxf3 43. Kb3 Nf4 44. g5 Nxh3 45. g6 Nf4 46. g7 Kf7 47. c5 dxc5 48. Bf6 h3 0-1

[Event "Swindon Open 1st"]
[Site "Swindon"]
[Date "2025.08.25"]
[Round "6.7"]
[White "Coffey, Anthony"]
[Black "Malinovskii, Ilia"]
[Result "1-0"]
[WhiteElo "1953"]
[BlackElo "2075"]
[PlyCount "109"]
[EventDate "2025.08.22"]
[EventType "swiss"]
[EventRounds "6"]
[EventCountry "ENG"]
[SourceTitle "BritBase"]
[Source "John Saunders"]
[SourceDate "2025.12.11"]
[SourceVersion "1"]
[SourceVersionDate "2025.12.11"]
[SourceQuality "1"]

1. e4 c5 2. Nf3 Nc6 3. d4 cxd4 4. Nxd4 e5 5. Nb5 a6 6. Nd6+ Bxd6 7. Qxd6 Qe7 8. Qxe7+ Ngxe7 9. c4 Nd4 10. Bd3 Nec6 11. Na3 Nb4 12. Kd2 d6 13. Nc2 Nxd3 14. Kxd3 Nxc2 15. Kxc2 Be6 16. b3 b5 17. cxb5 axb5 18. Rd1 Ke7 19. Bd2 Ra6 20. Bb4 f5 21. exf5 Bxf5+ 22. Kb2 Ke6 23. Rac1 Rd8 24. Rc7 Rd7 25. Rc8 d5 26. f3 d4 27. Re8+ Kf6 28. Rf8+ Rf7 29. Rxf7+ Kxf7 30. f4 Ke6 31. Re1 e4 32. g4 e3 33. gxf5+ Kxf5 34. Bc5 Ke4 35. Rd1 d3 36. Re1 e2 37. Bb4 Rc6 38. Rc1 Rh6 39. Kc3 Rxh2 40. Kd2 Rf2 41. a4 bxa4 42. bxa4 Rf1 43. a5 Kf3 44. Re1 Kf2 45. Bc5+ Kg2 46. a6 Rxf4 47. a7 Ra4 48. Kxd3 Kf3 49. Rxe2 g5 50. Rf2+ Kg3 51. Rf8 h5 52. a8=Q Rxa8 53. Rxa8 h4 54. Bd6+ Kf3 55. Rf8+ 1-0

[Event "Swindon Open 1st"]
[Site "Swindon"]
[Date "2025.08.25"]
[Round "6.8"]
[White "Ronald, Ted"]
[Black "Hill, Andy"]
[Result "0-1"]
[WhiteElo "1827"]
[BlackElo "1989"]
[PlyCount "144"]
[EventDate "2025.08.22"]
[EventType "swiss"]
[EventRounds "6"]
[EventCountry "ENG"]
[SourceTitle "BritBase"]
[Source "John Saunders"]
[SourceDate "2025.12.11"]
[SourceVersion "1"]
[SourceVersionDate "2025.12.11"]
[SourceQuality "1"]

1. e4 e6 2. d4 d5 3. Nd2 Nf6 4. e5 Nfd7 5. Bd3 c5 6. c3 Nc6 7. Ngf3 g6 8. h4 h6 9. Nf1 Qa5 10. a3 cxd4 11. b4 Qb6 12. cxd4 Nxd4 13. Be3 Nxf3+ 14. gxf3 Qd8 15. Bd4 h5 16. f4 Be7 17. Qc2 Nf8 18. Bc5 Bd7 19. Bxe7 Qxe7 20. Nd2 Rc8 21. Qb3 Rc7 22. Nf3 Qd8 23. Nd4 Qc8 24. Bb5 a6 25. Bd3 Rc3 26. Qd1 Ke7 27. Qd2 Nh7 28. Ke2 Qc7 29. b5 Qc5 30. Rhc1 Rxc1 31. Nb3 Qc3 32. Nxc1 Qxd2+ 33. Kxd2 Bxb5 34. Bxb5 axb5 35. Rb1 Ra8 36. Rxb5 Rxa3 37. Rxb7+ Kf8 38. Nb3 Kg7 39. Nd4 Nf8 40. f3 Ra2+ 41. Ke3 Ra1 42. Nc6 Ra8 43. Kd4 Ra4+ 44. Ke3 Ra3+ 45. Ke2 Ra8 46. Nb8 Kg8 47. Nc6 Nh7 48. Nd4 Ra6 49. Nb5 Ra2+ 50. Kd3 Rb2 51. Kc3 Rb1 52. Kc2 Rb4 53. Nd6 Rxf4 54. Rb8+ Kg7 55. Ne8+ Kh6 56. Nd6 g5 57. hxg5+ Nxg5 58. Rh8+ Kg6 59. Rg8+ Kh6 60. Rh8+ Nh7 61. Ne8 Rxf3 62. Nf6 Rxf6 63. exf6 Kg6 64. Kd3 e5 65. Re8 e4+ 66. Kd4 Nxf6 67. Re5 h4 68. Re7 h3 69. Rb7 Kf5 70. Rb1 Kg5 71. Ke3 Ng4+ 72. Ke2 d4 0-1

[Event "Swindon Open 1st"]
[Site "Swindon"]
[Date "2025.08.25"]
[Round "6.9"]
[White "Brocklehurst, Andrew"]
[Black "Kapechun, Mikhailo"]
[Result "0-1"]
[WhiteElo "1856"]
[BlackElo "1985"]
[PlyCount "138"]
[EventDate "2025.08.22"]
[EventType "swiss"]
[EventRounds "6"]
[EventCountry "ENG"]
[SourceTitle "BritBase"]
[Source "John Saunders"]
[SourceDate "2025.12.11"]
[SourceVersion "1"]
[SourceVersionDate "2025.12.11"]
[SourceQuality "1"]

1. e4 c5 2. Nf3 Nc6 3. d4 cxd4 4. Nxd4 Nf6 5. Nc3 d6 6. Be2 e5 7. Nb3 Be7 8. Be3 Be6 9. O-O O-O 10. Qd2 a5 11. a4 Nb4 12. Bf3 Rc8 13. Rac1 b6 14. Rfd1 Qc7 15. h3 Rfd8 16. Nd5 Bxd5 17. exd5 e4 18. Bg4 Rb8 19. c4 Nxg4 20. hxg4 Qd7 21. g5 Qxa4 22. Nd4 Qd7 23. Qe2 Re8 24. Qh5 g6 25. Qh4 h5 26. g4 Qxg4+ 27. Qxg4 hxg4 28. Kg2 Bf8 29. Kg3 Nd3 30. Rc2 Ne5 31. Nc6 Nxc6 32. dxc6 Rec8 33. Kxg4 Rxc6 34. Kf4 Rbc8 35. b3 b5 36. Kxe4 bxc4 37. Rdc1 c3 38. Bd4 Bg7 39. f4 Bxd4 40. Kxd4 Rb8 41. Rxc3 Rb4+ 42. Ke3 Rxb3 43. Rxb3 Rxc1 44. Rb6 Re1+ 45. Kf3 Rf1+ 46. Ke3 d5 47. Rb8+ Kg7 48. Rb5 d4+ 49. Ke4 d3 50. Rd5 Re1+ 51. Kf3 a4 52. Rxd3 Re6 53. Ra3 Ra6 54. Kg4 Ra5 55. Kf3 Kf8 56. Ke4 Ke7 57. Kd4 Ke6 58. Ke4 Ra7 59. f5+ gxf5+ 60. Kf4 Ra5 61. Re3+ Kd6 62. Re2 a3 63. Rd2+ Ke7 64. Re2+ Kf8 65. g6 fxg6 66. Ra2 Kf7 67. Kg5 Ra4 68. Rc2 a2 69. Rc7+ Ke6 0-1

[Event "Swindon Open 1st"]
[Site "Swindon"]
[Date "2025.08.25"]
[Round "6.10"]
[White "Headlong, Timothy"]
[Black "Davis, Colin"]
[Result "1/2-1/2"]
[WhiteElo "2024"]
[BlackElo "1955"]
[PlyCount "61"]
[EventDate "2025.08.22"]
[EventType "swiss"]
[EventRounds "6"]
[EventCountry "ENG"]
[SourceTitle "BritBase"]
[Source "John Saunders"]
[SourceDate "2025.12.11"]
[SourceVersion "1"]
[SourceVersionDate "2025.12.11"]
[SourceQuality "1"]

1. c4 d6 2. Nc3 e5 3. g3 f5 4. Bg2 Nf6 5. d3 Be7 6. e3 c6 7. Nge2 O-O 8. Rb1 a5 9. a3 Na6 10. O-O Qe8 11. b4 axb4 12. axb4 Nc7 13. f4 Bd8 14. h3 h6 15. Rb2 Nh5 16. Ra2 Rxa2 17. Nxa2 Ne6 18. Nac3 Bb6 19. Kh2 Kh8 20. d4 exd4 21. exd4 Qg6 22. d5 Nd4 23. Qd3 Nxe2 24. Nxe2 Bd7 25. Nc3 Re8 26. Qf3 Bd4 27. Bd2 Nf6 28. Qd3 Bb6 29. Re1 Nh5 30. Qf3 Bd4 31. Ne2 1/2-1/2